Pokémon pocket L'ile Fabuleuse - Statistiques

Statistiques générales
  • Ce quiz a été pris 17 fois
  • Le résultat moyen est 54 sur 86
Statistiques - réponses
Type de quiz Rareté Réponse % Correct
Électrique Commune Dedenne
91%
Électrique Illustration rare Dedenne
91%
Plante Unco Lianaja
91%
Eau Commune Magicarpe
91%
Plante Rare Majaspic
91%
Plante Illustration rare Majaspic
91%
Psy Rare Mew
91%
Plante Unco Noadkoko
91%
Plante Illustration rare Noadkoko
91%
Plante Commune Noeunoeuf
91%
Plante Commune Vipélierre
91%
Eau Rare Aquali
82%
Eau Illustration rare Aquali
82%
Supporter Unco Blue
82%
Supporter Full art Blue
82%
Plante Ex Celebi EX
82%
Plante Full art Celebi EX
82%
Plante Immersive Celebi EX
82%
Électrique Unco Élektek
82%
Supporter Unco Jeune explorateur
82%
Supporter Full art Jeune explorateur
82%
Eau Ex Léviator EX
82%
Eau Full art Léviator EX
82%
Psy Ex Mew EX
82%
Psy Full art Mew EX
82%
Psy Arc en ciel Mew EX
82%
Psy Gold Mew EX
82%
Électrique Commune Pikachu
82%
Combat Ex Ptéra EX
82%
Combat Full art Ptéra EX
82%
Combat Arc en ciel Ptéra EX
82%
Électrique Rare Raichu
82%
Incolore Ex Roucarnage EX
82%
Incolore Full art Roucarnage EX
82%
Incolore Commune Roucoups
82%
Dragon Unco Drakkarmin
73%
Incolore Commune Évoli
73%
Supporter Unco Leaf
73%
Supporter Full art Leaf
73%
Feu Unco Magmar
73%
Incolore Commune Roucool
73%
Feu Commune Tritox
73%
Feu Illustration rare Tritox
73%
Combat Commune Colossinge
64%
Combat Commune Férosinge
64%
Feu Unco Galopa
64%
Feu Commune Malamandre
64%
Combat Rare Marshadow
64%
Combat Illustration rare Marshadow
64%
Feu Commune Ponyta
64%
Objet Unco Flûte Pokémon
55%
Plante Unco Lampignon
55%
Obscurité Commune Smogo
55%
Obscurité Unco Smogogo
55%
Plante Commune Spododo
55%
Incolore Rare Tauros
55%
Psy Unco Cryptéro
45%
Électrique Unco Mygavolt
45%
Eau Commune Nigosier
45%
Plante Unco Sinistrail
45%
Électrique Commune Statitik
45%
Objet Commune Vieil Ambre
45%
Obscurité Unco Brutapode
36%
Obscurité Commune Chacripan
36%
Psy Commune Cupcanaille
36%
Objet Unco Dalle Fabuleuse
36%
Eau Commune Écayon
36%
Combat Unco Gravalanch
36%
Combat Rare Grolem
36%
Eau Commune Khélocrok
36%
Obscurité Commune Léopardus
36%
Psy Commune Lewsor
36%
Eau Unco Luminéon
36%
Psy Unco Neitram
36%
Feu Rare Pyrax
36%
Feu Commune Pyronille
36%
Combat Commune Racaillou
36%
Obscurité Commune Scobolide
36%
Psy Commune Sucroquin
36%
Eau Unco Torgamord
36%
Obscurité Commune Venipatte
36%
Combat Unco Dolman
27%
Psy Commune Flabébé
27%
Psy Commune Floette
27%
Psy Unco Florges
27%
Incolore Commune Pijako
18%
Aucun quiz correspondant
Distribution des résultats
% des personnes avec chaque résultat
Percentile par nombre de réponses
Votre historique - résultats
Vous n’avez pas pris ce quiz